[Event "Titled Tue 10th Jun Late"]
[Site "chess.com INT"]
[Date "2025.06.10"]
[Round "8"]
[White "Daspres, Loic"]
[Black "Zepeda Berlanga, Jan Enrique"]
[Result "1-0"]
[WhiteTitle "CM"]
[BlackTitle "CM"]
[WhiteElo "2207"]
[BlackElo "1984"]
[WhiteFideId "20612281"]
[BlackFideId "5132355"]
[EventDate "2025.06.10"]

1. e4 e5 2. Nf3 Nc6 3. d4 exd4 4. Nxd4 Nf6 5. Nc3 Bb4 6. Nxc6 bxc6 7. Bd3 d5 8.
exd5 O-O 9. O-O cxd5 10. h3 h6 11. Qf3 c6 12. Bf4 Re8 13. Rfe1 Be6 14. a3 Bd6
15. Rad1 Rb8 16. Na4 Qc7 17. Bxd6 Qxd6 18. b4 Nd7 19. Qe3 d4 20. Qe4 Nf6 21. Qh4
a5 22. c3 Bb3 23. Nc5 Bxd1 24. Rxd1 axb4 25. axb4 Re7 26. Bc4 Rbe8 27. Rxd4 Re1+
28. Bf1 Qc7 29. g3 Nd5 30. Nd3 R1e7 31. Bg2 Nxc3 32. Rc4 Ne2+ 33. Kh2 Re6 34.
Nf4 Nxf4 35. Qxf4 Qxf4 36. gxf4 g5 37. fxg5 hxg5 38. Bxc6 Rc8 39. b5 Rd6 40. Kg3
Kf8 41. Rc5 f6 42. h4 gxh4+ 43. Kxh4 Ke7 44. Kg4 Rb8 45. Rc3 Rd4+ 46. Kf3 Rb4
47. Re3+ Kf7 48. Rd3 Kg6 49. Be4+ f5 50. Bc6 Rf8 51. Rd6+ Rf6 52. Rd3 f4 53.
Be8+ Kg5 54. Rd5+ Rf5 55. Rd6 Rb3+ 56. Kg2 f3+ 57. Kg3 Rc5 58. Rg6+ Kf5 59. Rg8
Ke6 60. Bc6 Rf5 61. Re8+ Kf7 62. Rd8 Rg5+ 63. Kh3 Rg6 64. Be8+ Kf6 65. Bxg6 Kxg6
66. Rb8 Kf6 67. Kg3 Ke5 68. b6 Kd6 69. Rf8 Kc6 70. Rf6+ Kd7 71. Rxf3 Rxb6 72.
Re3 Re6 73. Rc3 Ke7 74. f4 Kf7 75. Kg4 Ra6 76. Rc7+ Kf6 77. Rc5 Rb6 78. Rh5 Ra6
79. Rh6+ 1-0

[Event "Titled Tue 10th Jun Late"]
[Site "chess.com INT"]
[Date "2025.06.10"]
[Round "8"]
[White "Adewumi, Tanitoluwa"]
[Black "Nigalidze, Gaioz"]
[Result "1/2-1/2"]
[WhiteTitle "FM"]
[BlackTitle "IM"]
[WhiteElo "2362"]
[BlackElo "2368"]
[WhiteFideId "30966396"]
[BlackFideId "13603078"]
[EventDate "2025.06.10"]

1. Nf3 d5 2. b3 Nf6 3. Bb2 Bf5 4. g3 e6 5. Bg2 h6 6. O-O Be7 7. d3 O-O 8. c4 c6
9. Nbd2 Bh7 10. Qc2 a5 11. a3 Nbd7 12. Bc3 Qb6 13. Qb2 Rfe8 14. b4 axb4 15. axb4
Rec8 16. c5 Qc7 17. Ne5 Bf8 18. Nb3 b6 19. cxb6 Qxb6 20. Rxa8 Rxa8 21. Bd4 Qxb4
22. Nxc6 Qb5 23. Qc2 Nb6 24. Nba5 Rxa5 25. Nxa5 Qxa5 26. Qc7 Nc4 27. Qb8 Nd6 28.
Be5 Nd7 29. Qb2 Nxe5 30. Qxe5 Qd8 31. Bf3 Qf6 32. Qxf6 gxf6 33. Rc1 Kg7 34. Bh5
Bg6 35. Bf3 f5 36. Kg2 Kf6 37. Rc7 Bg7 38. h4 Nb5 39. Rb7 Nd4 40. e3 Nxf3 41.
Kxf3 Bh5+ 42. Kg2 Be2 43. d4 Bd3 44. f4 Be4+ 45. Kf2 Bd3 46. Ke1 Kg6 47. Kd2 Bc4
48. Ke1 Bf8 49. Kf2 Ba3 50. Kf3 h5 51. Kf2 Kg7 52. Kf3 Bd6 53. Kf2 Kf8 54. Kf3
Be7 55. Kf2 Bf6 56. Kf3 Bg7 57. Kf2 Kg8 58. Kf3 Ba6 59. Rb6 Bd3 60. Rb3 Bc4 61.
Rb8+ Bf8 62. Rb7 Ba6 63. Rb6 Bc8 64. Rb8 Bd7 65. Kf2 f6 66. Kf3 Kf7 67. Rb7 Ke8
68. Kf2 Be7 69. Rb8+ Kf7 70. Rb7 Bc6 71. Rc7 Bb5 72. Rb7 Bc4 73. Kf3 e5 74. Kf2
exd4 75. exd4 Ke6 76. Rb6+ Bd6 77. Ke3 Ba2 78. Ra6 Bc4 79. Ra7 Be7 80. Rc7 Kf7
81. Rb7 Ke8 82. Rb8+ Kd7 83. Rb7+ Kd6 84. Rb6+ Kc7 85. Rb1 Bd6 86. Kd2 Kc6 87.
Ke3 Bc7 88. Kd2 Bb6 89. Ke3 Bb5 90. Rc1+ Bc4 91. Rb1 Bc7 92. Kd2 Kd7 93. Ke3 Bd6
94. Rb7+ Bc7 95. Kd2 Kc6 96. Rb1 1/2-1/2

[Event "Titled Tue 10th Jun Late"]
[Site "chess.com INT"]
[Date "2025.06.10"]
[Round "8"]
[White "Castillo Pena, Patricia Evarista"]
[Black "Montejo Bello, Lorena Beatriz"]
[Result "1/2-1/2"]
[WhiteTitle "WFM"]
[BlackTitle "WFM"]
[WhiteElo "1909"]
[BlackElo "2090"]
[WhiteFideId "6412106"]
[BlackFideId "3529045"]
[EventDate "2025.06.10"]

1. d4 d5 2. Nf3 Nf6 3. e3 e6 4. Bd3 b6 5. O-O Bb7 6. Nbd2 Bd6 7. b3 O-O 8. Bb2
c5 9. Qe2 Nc6 10. a3 Ne7 11. Ne5 Ne4 12. Rfd1 f5 13. f3 Nxd2 14. Rxd2 Bxe5 15.
dxe5 Rc8 16. c4 Qc7 17. Rf1 Ng6 18. f4 Rfd8 19. cxd5 Bxd5 20. Bc4 Qb7 21. Rfd1
Ne7 22. Ba6 Qc6 23. Bxc8 Rxc8 24. Qa6 Bxb3 25. Rd8+ Kf7 26. R1d7 Rxd8 27. Rxd8
Qc7 28. Rd6 Bd5 29. Qb5 Bc6 30. Qc4 Bd5 31. Qb5 Bc6 32. Qc4 Qc8 33. Rd2 Bd5 34.
Qe2 a6 35. Qh5+ Kg8 36. Qe2 b5 37. Rc2 Be4 38. Rc1 Bd5 39. Bd4 Bc4 40. Rxc4 bxc4
41. Qxc4 Nd5 42. Qxc5 Qxc5 43. Bxc5 Kf7 44. Kf2 Ke8 45. Ke2 Kd7 46. g3 Kc6 47.
Bd4 Kb5 48. Kd3 Ka4 49. Bc5 Kb5 50. Bf8 g6 51. e4 fxe4+ 52. Kxe4 Kc4 53. g4 Nc3+
54. Ke3 Kd5 55. Bb4 Nd1+ 56. Ke2 Nb2 57. h4 Ke4 58. Bd2 Nc4 59. Bc1 Nb6 60. h5
Nd5 61. hxg6 hxg6 62. f5 gxf5 63. gxf5 Kxf5 64. Bb2 Ke4 65. Kd2 Nb6 66. Bc3 Nc4+
67. Kc2 Nxa3+ 68. Kb3 Nb5 69. Bb2 Nd4+ 70. Ka4 Kxe5 71. Ka5 Kd5 72. Kxa6 e5 73.
Ka5 e4 74. Bc3 e3 75. Kb4 Ke4 76. Kc4 Ne2 77. Be1 Kf3 78. Kd3 Nf4+ 79. Kd4 Ng2
80. Bc3 e2 81. Kd3 Kf2 82. Bd4+ Kf1 83. Bc3 Nf4+ 84. Ke3 Ng2+ 85. Kd3 Nf4+ 86.
Kc2 Nd5 87. Bd2 Nc7 88. Kd3 Ne6 89. Ke3 Nc5 90. Bb4 Nb3 91. Kd3 Nc1+ 92. Kc2 Na2
93. Bd2 Kf2 94. Kb3 e1=Q 95. Bxe1+ 1/2-1/2

[Event "Titled Tue 10th Jun Late"]
[Site "chess.com INT"]
[Date "2025.06.10"]
[Round "8"]
[White "Bhatia, Kanishka"]
[Black "Montano Vicente, Guadalupe"]
[Result "0-1"]
[WhiteTitle "WCM"]
[WhiteElo "1965"]
[BlackElo "1938"]
[WhiteFideId "2410095"]
[BlackFideId "5181399"]
[EventDate "2025.06.10"]

1. e4 c5 2. c3 Nf6 3. d3 Nc6 4. Nd2 d5 5. Ngf3 e5 6. g3 Be6 7. Bg2 Bd6 8. O-O
O-O 9. Re1 h6 10. Qc2 Rc8 11. exd5 Nxd5 12. Ne4 Re8 13. Nxd6 Qxd6 14. Nd2 b6 15.
Nc4 Qc7 16. a4 Rcd8 17. Bd2 Bf5 18. Be4 Be6 19. Ne3 Nxe3 20. Rxe3 f5 21. Bxc6
Qxc6 22. Rxe5 f4 23. Bxf4 Bh3 24. Re4 Bf5 25. Rxe8+ Qxe8 26. Rd1 Qg6 27. Qe2
Rxd3 28. Rxd3 Bxd3 29. Qe5 Kh7 30. f3 c4 31. Qc7 a6 32. Be3 b5 33. axb5 axb5 34.
Qb7 Be2 35. Kf2 Qc2 36. Qe4+ Qxe4 37. fxe4 Bd3 38. Kf3 Kg8 39. Kf4 Kf7 40. Ke5
h5 41. h4 g6 42. Kd5 Ke7 43. Bg5+ Kd7 44. e5 Bf5 45. Kc5 Ke6 46. Bf4 Bg4 47.
Kxb5 Be2 48. Kc5 Bf1 49. Kd4 Be2 50. Kc5 Bf1 51. Kb4 Be2 52. b3 cxb3 53. Kxb3
Ba6 54. Kb4 Bc8 55. Kc5 Ba6 56. c4 Bc8 57. Kc6 Bd7+ 58. Kb6 Be8 59. Kc7 Ba4 60.
Kb6 Be8 61. Kc5 Ba4 62. Kd4 Be8 63. Kc3 Ba4 64. Kb4 Bd1 65. Kb5 Be2 66. Kc5 Bf3
67. Kb6 Be4 68. c5 Kd7 69. Bg5 Bd5 70. Bf6 Be4 71. c6+ Bxc6 72. e6+ Kd6 73. e7
Ba4 74. Ka5 Be8 75. Kb4 Ke6 76. Bg5 Kf7 77. Kc5 Bd7 78. Kd5 Be8 79. Ke5 Bd7 80.
Kf4 Be8 81. g4 hxg4 82. Kxg4 Bd7+ 83. Kf4 Be8 84. Ke5 Bd7 85. Kd6 Ba4 86. Kc7
Be8 87. Kd8 Ba4 88. Bf4 Bb5 89. Bd6 Ba4 90. Ba3 Bb5 91. Kc7 Ba4 92. Kd6 Be8 93.
Ke5 Ba4 94. Kf4 Be8 95. Kg5 Ba4 96. Kh6 Be8 97. Kh7 Ba4 98. Kh8 Be8 99. Kh7 Ba4
100. Kh6 Be8 101. Kg5 Ba4 102. Kf4 Be8 103. Ke3 Ba4 104. Kd2 Be8 105. Kc3 Ba4 0-1

[Event "Titled Tue 10th Jun Late"]
[Site "chess.com INT"]
[Date "2025.06.10"]
[Round "8"]
[White "Sivakumar, Shaaketh"]
[Black "Haug, Havard"]
[Result "1-0"]
[WhiteTitle "FM"]
[BlackTitle "FM"]
[WhiteElo "2279"]
[BlackElo "2354"]
[WhiteFideId "30940176"]
[BlackFideId "1547887"]
[EventDate "2025.06.10"]

1. e4 c6 2. d4 d5 3. exd5 cxd5 4. Bd3 Nc6 5. c3 Qc7 6. Ne2 Bg4 7. f3 Bd7 8. Bf4
e5 9. dxe5 Nxe5 10. Bc2 Nf6 11. O-O Bd6 12. Kh1 O-O 13. Nd4 Nc4 14. Bxd6 Qxd6
15. Qc1 Rfe8 16. Nd2 Ne3 17. Re1 Qf4 18. Nf1 Nxg2 19. Kxg2 Qh4 20. Ng3 Bh3+ 21.
Kg1 g6 22. Qd2 h5 23. Nde2 Bd7 24. Qf4 Qxf4 25. Nxf4 h4 26. Nge2 g5 27. Nd3 Kg7
28. Nd4 Nh5 29. Ne5 Be6 30. Nxe6+ Rxe6 31. Nd3 Rf6 32. Re3 Rc8 33. Bb3 Rd8 34.
Rae1 d4 35. cxd4 Rxd4 36. R1e2 Rfd6 37. Bc2 a6 38. Rg2 f6 39. Rg4 Kf8 40. Rxd4
Rxd4 41. Kf2 b5 42. b3 Rd6 43. Re2 Rc6 44. Ke3 Ng7 45. Kd4 Rb6 46. Kc5 Rb8 47.
Kd6 Ne8+ 48. Kd7 Rb7+ 49. Kc6 Rc7+ 50. Kb6 Rc3 51. Kxa6 Nc7+ 52. Kb7 Nd5 53. a4
bxa4 54. bxa4 Ra3 55. Kc6 Nc3 56. Re6 Kf7 57. Rd6 Nxa4 58. Rd7+ Kf8 59. Kd6 Nb6
60. Rc7 Ra2 61. Ke6 Ra6 62. Kf5 Nd5 63. Rc8+ Ke7 64. Bb3 Ne3+ 65. Kg6 Nf1 66. h3
Nh2 67. Nc5 Ra2 68. Bxa2 Nxf3 69. Rc7+ Kd6 70. Rf7 Ne5+ 71. Kxf6 Nxf7 72. Kxf7
Kxc5 73. Kg6 Kd6 74. Kf6 Kd7 75. Bf7 Kd6 76. Bh5 Kd7 77. Kxg5 Ke7 78. Kh6 Kf8
79. Kh7 Ke7 80. Kg7 Ke6 81. Bg6 Ke7 82. Kh6 Kf8 83. Bh7 Kf7 84. Kg5 Kg7 85. Bg6
Kh8 86. Kxh4 Kg7 87. Kg5 Kh8 88. Kh6 Kg8 89. Bh7+ Kh8 90. Be4 Kg8 91. Bd5+ Kh8
92. Bf3 Kg8 93. Bg4 Kh8 94. h4 Kg8 95. Kg6 Kh8 96. h5 Kg8 97. h6 Kh8 98. Bf3 Kg8
99. Be2 Kh8 100. Bd1 Kg8 101. Bc2 Kh8 102. Bd3 Kg8 103. Be4 Kh8 104. Bf5 Kg8
105. Bd7 Kh8 106. Bc6 Kg8 107. Ba4 Kh8 108. Bc2 Kg8 109. Kg5 Kh8 110. Bg6 Kg8
111. Bh5 Kh8 112. Kf6 Kg8 113. Kg6 Kh8 114. Bg4 Kg8 115. Bf3 Kh8 116. Be2 Kg8
117. Kg5 Kf8 118. Bc4 Ke7 119. h7 Kd6 120. h8=Q Kc5 121. Bg8 Kd6 122. Qf6+ Kd7
123. Bh7 Ke8 124. Qg7 Kd8 125. Bf5 Ke8 126. Kf6 Kd8 127. Qd7# 1-0

[Event "Titled Tue 10th Jun Late"]
[Site "chess.com INT"]
[Date "2025.06.10"]
[Round "8"]
[White "Pakleza, Zbigniew"]
[Black "Mishra, Abhimanyu"]
[Result "1/2-1/2"]
[WhiteTitle "GM"]
[BlackTitle "GM"]
[WhiteElo "2484"]
[BlackElo "2611"]
[WhiteFideId "1119290"]
[BlackFideId "30920019"]
[EventDate "2025.06.10"]

1. d4 d5 2. Nf3 Nf6 3. Bf4 c5 4. c3 Nc6 5. Nbd2 cxd4 6. cxd4 Bf5 7. e3 a6 8. Ne5
Nxe5 9. Bxe5 e6 10. Qb3 Bd6 11. Bxd6 Qxd6 12. Be2 O-O 13. O-O Rfc8 14. Rfc1 b5
15. h3 Nd7 16. a4 bxa4 17. Qxa4 Rxc1+ 18. Rxc1 Rb8 19. Rc6 Qb4 20. Qxb4 Rxb4 21.
b3 g5 22. Rxa6 Rb8 23. Ra7 Nf6 24. g4 Bg6 25. Ra2 h6 26. Rb2 Rb4 27. f3 Kf8 28.
Kf2 Ke7 29. Nb1 Bxb1 30. Rxb1 Nd7 31. Ke1 e5 32. dxe5 Nxe5 33. Kd2 d4 34. exd4
Rxd4+ 35. Kc3 Rf4 36. b4 Nxf3 37. b5 Ne5 38. b6 Nd7 39. b7 Nb8 40. Rd1 f5 41.
gxf5 Rxf5 42. Kc4 Nc6 43. Bg4 Re5 44. Rd7+ Ke8 45. Rh7 Re7 46. Rh8+ Kf7 47. b8=Q
Nxb8 48. Rxb8 Re3 49. Rb7+ Kg6 50. Rb6+ Kg7 51. Kd4 Ra3 52. Ke5 h5 53. Bf5 g4
54. h4 Ra5+ 55. Kf4 g3 56. Rg6+ Kf7 57. Rxg3 Kf6 58. Rg6+ Kf7 59. Kg5 Rc5 60.
Rh6 Rc1 61. Rxh5 Rg1+ 62. Bg4 Re1 63. Rh7+ Kg8 64. Rh6 Rb1 65. Rd6 Kg7 66. h5
Rb5+ 67. Bf5 Rb8 68. h6+ Kh8 69. Rd7 Rg8+ 70. Bg6 Rb8 71. Bf7 Rb1 72. Be6 Rg1+
73. Kf6 Rg6+ 74. Kf5 Rxh6 75. Rd8+ Kg7 76. Rg8+ Kh7 77. Rg4 Rh1 78. Kf6 Kh8 79.
Kf7 Rf1+ 80. Ke7 Kh7 81. Rg5 Kh6 82. Rd5 Kg6 83. Rd4 Re1 84. Rg4+ Kh5 85. Rg3
Rf1 86. Bf7+ Kh4 87. Rg7 Rf4 88. Be6 Rf1 89. Kd6 Re1 90. Bf5 Re2 91. Rg1 Re3 92.
Kd5 Re8 93. Be6 Rf8 94. Ke5 Rf2 95. Bf5 Ra2 96. Kf4 Rf2+ 97. Ke4 Re2+ 98. Kf3
Ra2 99. Be4 Kh5 100. Kf4 Kh6 101. Ke5 Ra5+ 102. Bd5 Ra6 103. Rg2 Ra1 104. Be6
Rf1 105. Bf5 Kh5 106. Kf6 Kh4 107. Rd2 Rg1 108. Rd4+ Kg3 109. Rd3+ Kf2 110. Ke5
Re1+ 111. Be4 Rc1 112. Rh3 Rc8 113. Kd4 Rd8+ 114. Bd5 Re8 115. Rf3+ Kg1 116. Rc3
Re1 117. Rc2 Kf1 118. Be4 Ra1 119. Ke3 Ra3+ 120. Bd3+ Kg1 121. Rd2 Ra8 122. Kf4
Rf8+ 123. Bf5 Kf1 124. Rc2 Ke1 1/2-1/2

[Event "Titled Tue 10th Jun Late"]
[Site "chess.com INT"]
[Date "2025.06.10"]
[Round "8"]
[White "Mekhitarian, Krikor Sevag"]
[Black "Kornienko, Konstantin"]
[Result "1/2-1/2"]
[WhiteTitle "GM"]
[BlackTitle "CM"]
[WhiteElo "2564"]
[BlackElo "2141"]
[WhiteFideId "2107660"]
[BlackFideId "34400419"]
[EventDate "2025.06.10"]

1. Nf3 g6 2. e4 Bg7 3. d4 c5 4. c4 cxd4 5. Nxd4 Nf6 6. Nc3 O-O 7. Be2 Nc6 8. Be3
d6 9. O-O Bd7 10. Nc2 Rc8 11. Rc1 a6 12. Kh1 Qa5 13. f4 h5 14. Bg1 Be6 15. a3
Qd8 16. b4 Ng4 17. Nd5 Nb8 18. Nd4 Bxd5 19. exd5 Nf6 20. f5 g5 21. Bxh5 Bh6 22.
Be3 Kg7 23. Be2 Nbd7 24. Nf3 Rh8 25. Nxg5 Ne5 26. Qd2 Qg8 27. Bf4 Kf8 28. Nf3
Bxf4 29. Qxf4 Nxf3 30. Bxf3 Nd7 31. c5 dxc5 32. d6 Qg7 33. dxe7+ Kxe7 34. Bxb7
Rcd8 35. Rcd1 Qf6 36. Rfe1+ Kf8 37. Qd6+ Kg7 38. Qxf6+ Kxf6 39. Bxa6 cxb4 40.
axb4 Ne5 41. Be2 Rb8 42. b5 Rhc8 43. Kg1 Rc2 44. Rc1 Rb2 45. Rb1 Rc2 46. b6 Nd7
47. b7 Rc7 48. Bf3 Ne5 49. Rb6+ Kxf5 50. Rb5 f6 51. Be4+ Ke6 52. Rb6+ Ke7 53.
Rf1 Rc4 54. Bd5 Rd4 55. Re6+ Kd7 56. Ba2 Rd2 57. Rf2 Rxf2 58. Kxf2 Rxb7 59. Bd5
Rb5 60. Ba2 Rb2+ 61. Kg3 Rxa2 62. Rxf6 Ke7 63. Rf2 Ra3+ 64. Kh4 Ke6 65. h3 Rb3
66. g4 Nf3+ 67. Kh5 Rb5+ 68. Kh6 Nh4 69. Rf8 Ke7 70. Rf1 Rb3 71. Kg5 Rxh3 72.
Rf2 Nf3+ 73. Kf5 Nd4+ 74. Kf4 Ne6+ 75. Kf5 Ra3 76. Rb2 Ra5+ 77. Ke4 Kf6 78. Ke3
Ke5 79. Rb8 Ra3+ 80. Kd2 Nd4 81. Re8+ Kf4 82. Rf8+ Kxg4 83. Rf7 Nf5 84. Rf8 Kf4
85. Re8 Nd6 86. Re7 Ne4+ 87. Kc2 Ke3 88. Kb2 Ra6 89. Rd7 Nd6 90. Kc2 Rc6+ 91.
Kb3 Kd4 92. Kb2 Kd3 93. Rh7 Rb6+ 94. Kc1 Nf5 95. Rh3+ Ne3 96. Rh8 Kc3 97. Rc8+
Nc4 98. Rh8 Rf6 99. Rh3+ Kb4 100. Rh4 Re6 101. Rh3 Re5 102. Kc2 Re2+ 103. Kd3
Re6 104. Kc2 Kc5 105. Rh4 Kb4 106. Rh3 Rd6 107. Rh4 Rd2+ 108. Kc1 Rf2 109. Rh3
Re2 110. Rg3 Ne3 111. Rg8 Kc3 112. Rc8+ Nc4 113. Kd1 Re6 114. Rc7 Kd3 115. Rd7+
Nd6 116. Kc1 Rf6 117. Rd8 Kc3 118. Kd1 Re6 119. Rh8 Nc4 120. Rh3+ Kb2 121. Rh2+
Kb1 122. Rh4 Ne3+ 123. Kd2 Nf1+ 124. Kd3 Ng3 125. Rb4+ Kc1 126. Ra4 Ne2 127.
Ra1+ Kb2 128. Ra8 Nf4+ 129. Kd4 Re1 130. Rb8+ Kc2 131. Ra8 Ne6+ 132. Kc4 Re4+ 1/2-1/2

[Event "Titled Tue 10th Jun Late"]
[Site "chess.com INT"]
[Date "2025.06.10"]
[Round "9"]
[White "Shi, Roger V"]
[Black "Terron Elena, Francisco M."]
[Result "1-0"]
[BlackTitle "FM"]
[WhiteElo "2137"]
[BlackElo "2148"]
[WhiteFideId "30980119"]
[BlackFideId "2210576"]
[EventDate "2025.06.10"]

1. e4 e5 2. Nf3 Nc6 3. Bb5 a6 4. Ba4 Nge7 5. c3 g6 6. O-O Bg7 7. d4 exd4 8. cxd4
b5 9. Bb3 O-O 10. Nc3 d6 11. h3 Na5 12. Bc2 c5 13. Bg5 h6 14. Bh4 g5 15. Bg3 b4
16. Nd5 Nxd5 17. exd5 c4 18. b3 f5 19. Re1 f4 20. Bh2 Bb7 21. bxc4 Nxc4 22. Qd3 1-0

[Event "Titled Tue 10th Jun Late"]
[Site "chess.com INT"]
[Date "2025.06.10"]
[Round "9"]
[White "Grutter, Tim"]
[Black "Zou, Chen"]
[Result "0-1"]
[WhiteTitle "IM"]
[BlackTitle "IM"]
[WhiteElo "2404"]
[BlackElo "2443"]
[WhiteFideId "1057472"]
[BlackFideId "8610959"]
[EventDate "2025.06.10"]

1. d4 Nf6 2. Nc3 d5 3. Bf4 a6 4. e3 e6 5. g4 c5 6. g5 Nfd7 7. Nf3 b5 8. h4 Bb7
9. Ne5 Nxe5 10. Bxe5 Nc6 11. Bg3 Bd6 12. Bxd6 Qxd6 13. Bg2 Rd8 14. Ne2 e5 15. c3
O-O 16. Qd2 Rfe8 17. O-O-O b4 18. cxb4 Nxb4 19. Kb1 exd4 20. h5 dxe3 21. fxe3
Qe5 22. e4 d4 23. a3 Bxe4+ 24. Bxe4 Qxe4+ 25. Ka1 Nc2+ 26. Ka2 Qxe2 0-1

[Event "Titled Tue 10th Jun Late"]
[Site "chess.com INT"]
[Date "2025.06.10"]
[Round "9"]
[White "Quinones Garcia, Santiago"]
[Black "Dauer, Andre Leonardo"]
[Result "1-0"]
[WhiteTitle "FM"]
[BlackTitle "CM"]
[WhiteElo "2259"]
[BlackElo "2138"]
[WhiteFideId "4408497"]
[BlackFideId "2126915"]
[EventDate "2025.06.10"]

1. d4 e6 2. c4 d5 3. Nc3 f5 4. Nf3 c6 5. Bf4 Nf6 6. h3 Be7 7. e3 O-O 8. c5 a5 9.
a3 Ne4 10. Be2 Nd7 11. O-O g5 12. Be5 Nxe5 13. Nxe5 Qe8 14. Qc2 Bf6 15. b4 axb4
16. axb4 Rxa1 17. Rxa1 h5 18. Ra8 g4 19. hxg4 hxg4 20. b5 Bxe5 21. Nxe4 fxe4 22.
dxe5 Qf7 23. Bxg4 Qh5 24. Bxh5 1-0

[Event "Titled Tue 10th Jun Late"]
[Site "chess.com INT"]
[Date "2025.06.10"]
[Round "9"]
[White "Dominguez, Ramiro"]
[Black "Tanriverdi, Enes"]
[Result "1-0"]
[WhiteTitle "FM"]
[BlackTitle "IM"]
[WhiteElo "2210"]
[BlackElo "2413"]
[WhiteFideId "4420055"]
[BlackFideId "34543279"]
[EventDate "2025.06.10"]

1. e4 e5 2. Nf3 Nc6 3. Bb5 Nge7 4. c3 a6 5. Ba4 g6 6. d4 Bg7 7. d5 b5 8. Bc2 Nb8
9. a4 bxa4 10. Bxa4 O-O 11. h4 h6 12. h5 g5 13. Nxg5 hxg5 14. Bxg5 f6 15. h6 Bh8
16. h7+ Kf7 17. d6 fxg5 18. Bb3+ Ke8 19. Qh5+ 1-0

[Event "Titled Tue 10th Jun Late"]
[Site "chess.com INT"]
[Date "2025.06.10"]
[Round "9"]
[White "Zierk, Steven"]
[Black "Doric, Darko"]
[Result "1-0"]
[WhiteTitle "GM"]
[BlackTitle "IM"]
[WhiteElo "2489"]
[BlackElo "2444"]
[WhiteFideId "2034255"]
[BlackFideId "14507200"]
[EventDate "2025.06.10"]

1. e4 c6 2. d4 d5 3. e5 c5 4. Nf3 cxd4 5. Qxd4 Nc6 6. Qf4 e6 7. Nc3 Nb4 8. Bd3
Ne7 9. h4 Nxd3+ 10. cxd3 Ng6 11. Qg3 h5 12. O-O Be7 13. Bg5 Bd7 14. Ne2 Rc8 15.
Rfc1 Rxc1+ 16. Rxc1 O-O 17. Nf4 Nxf4 18. Qxf4 Bb5 19. d4 Be2 20. Bxe7 Qxe7 21.
Ng5 g6 22. Qf6 Qd7 23. Rc3 Bc4 24. b3 Bb5 25. Rg3 Qd8 26. Qf4 Kg7 27. Rf3 Qe7
28. g4 Be2 29. Qf6+ Qxf6 30. exf6+ Kh6 31. Rc3 hxg4 32. Rc7 Kh5 33. Rxf7 Rxf7
34. Nxf7 g5 35. Ne5 Kh6 36. hxg5+ 1-0

[Event "Titled Tue 10th Jun Late"]
[Site "chess.com INT"]
[Date "2025.06.10"]
[Round "9"]
[White "Gelman, Alexander"]
[Black "Liu, Jason"]
[Result "1-0"]
[WhiteTitle "IM"]
[BlackTitle "CM"]
[WhiteElo "2403"]
[BlackElo "2125"]
[WhiteFideId "4118316"]
[BlackFideId "2514656"]
[EventDate "2025.06.10"]

1. d4 e6 2. Nc3 b6 3. e4 Bb7 4. Bd3 Bb4 5. Ne2 Nf6 6. O-O d5 7. e5 Ne4 8. Nb1
Be7 9. f3 c5 10. fxe4 c4 11. exd5 cxd3 12. Nf4 dxc2 13. Qxc2 Bxd5 14. Nc3 Bb7
15. d5 exd5 16. e6 O-O 17. exf7+ Rxf7 18. Be3 Bc5 19. Bxc5 bxc5 20. Ne6 Qd6 21.
Rxf7 Kxf7 22. Ng5+ Ke7 23. Re1+ Kd8 24. Nf7+ 1-0

[Event "Titled Tue 10th Jun Late"]
[Site "chess.com INT"]
[Date "2025.06.10"]
[Round "9"]
[White "Gutierrez Carmona, Juan Alejandro"]
[Black "Swara Lakshmi S Nair"]
[Result "0-1"]
[WhiteTitle "FM"]
[BlackTitle "WCM"]
[WhiteElo "2036"]
[BlackElo "2187"]
[WhiteFideId "5106770"]
[BlackFideId "25629239"]
[EventDate "2025.06.10"]

1. d4 Nf6 2. Bf4 g6 3. Nc3 Bg7 4. e4 d6 5. Qd2 O-O 6. O-O-O c5 7. dxc5 Nc6 8.
cxd6 exd6 9. Qxd6 Qa5 10. Bc4 Bg4 11. f3 Rad8 12. Qc7 Rxd1+ 13. Nxd1 Qc5 14. Bb3
Be6 15. Bd6 Qg5+ 16. Kb1 Rc8 17. Nh3 Qxg2 18. Rg1 Qxh3 19. Qxb7 Na5 20. Qxa7
Nxb3 21. axb3 Qxf3 22. Nc3 Nxe4 23. Nxe4 Qxe4 24. Ba3 Qxc2+ 0-1

[Event "Titled Tue 10th Jun Late"]
[Site "chess.com INT"]
[Date "2025.06.10"]
[Round "9"]
[White "Sabatier, Mathis"]
[Black "Vila Dupla, Aurelio"]
[Result "1-0"]
[WhiteTitle "CM"]
[BlackTitle "FM"]
[WhiteElo "2235"]
[BlackElo "2056"]
[WhiteFideId "26029685"]
[BlackFideId "2203383"]
[EventDate "2025.06.10"]

1. d4 Nf6 2. Nf3 g6 3. Nbd2 d5 4. e3 Bg7 5. b4 O-O 6. c4 b6 7. a4 c5 8. bxc5
bxc5 9. Be2 cxd4 10. exd4 dxc4 11. Nxc4 Nc6 12. O-O Be6 13. Nce5 Bd5 14. Ba3 Re8
15. Rc1 Rc8 16. Bb5 Bxf3 17. Nxf3 Qd5 18. Rc5 Qe4 19. Re1 1-0

[Event "Titled Tue 10th Jun Late"]
[Site "chess.com INT"]
[Date "2025.06.10"]
[Round "9"]
[White "Aliyev, Elnur"]
[Black "Goldbeck, Lars"]
[Result "1-0"]
[WhiteTitle "CM"]
[BlackTitle "FM"]
[WhiteElo "2123"]
[BlackElo "2391"]
[WhiteFideId "13402617"]
[BlackFideId "16208188"]
[EventDate "2025.06.10"]

1. e4 c6 2. d3 d5 3. Nd2 e5 4. Ngf3 Bd6 5. d4 exd4 6. Nxd4 Nf6 7. exd5 Nxd5 8.
Nc4 Be7 9. Bd3 Nb4 10. Be3 Nxd3+ 11. Qxd3 O-O 12. O-O-O Bf6 13. Nf3 Qxd3 14.
Rxd3 Be6 15. Nd6 b6 16. Bg5 Nd7 17. Bxf6 Nxf6 18. Ng5 Bd5 19. c4 Rad8 20. Nf5
Bxc4 21. Ne7+ Kh8 22. Rxd8 Rxd8 23. b3 Be6 24. Re1 Rd6 25. Rxe6 Rxe6 26. Nxf7# 1-0

[Event "Titled Tue 10th Jun Late"]
[Site "chess.com INT"]
[Date "2025.06.10"]
[Round "9"]
[White "Risteski, Emil"]
[Black "Kornienko, Konstantin"]
[Result "0-1"]
[WhiteTitle "IM"]
[BlackTitle "CM"]
[WhiteElo "2374"]
[BlackElo "2141"]
[WhiteFideId "15005267"]
[BlackFideId "34400419"]
[EventDate "2025.06.10"]

1. g3 g6 2. Bg2 Bg7 3. e4 c5 4. Ne2 Nc6 5. O-O d6 6. c3 Nf6 7. d4 cxd4 8. cxd4
O-O 9. Nbc3 Nd7 10. Be3 Nb6 11. b3 Bd7 12. Qd2 Rc8 13. Bh6 Nxd4 14. Bxg7 Nxe2+
15. Nxe2 Kxg7 16. a4 Be6 17. Nf4 Qd7 18. a5 Na8 19. Qd4+ Kg8 20. Nxe6 fxe6 21.
Qxa7 Qb5 22. Bh3 Rc2 23. Bxe6+ Kg7 24. Bc4 Qe5 25. Qe3 Nc7 26. Rac1 Ra2 27. b4
Rb2 28. Rb1 Rxb1 29. Rxb1 Ne8 30. Bd5 Nf6 31. Bxb7 Ng4 32. Qe2 Nxf2 33. Qb2 Nh3+
34. Kh1 Rf1+ 35. Rxf1 Qxb2 36. a6 Qe2 37. Rf4 Nxf4 38. gxf4 Qf1# 0-1

[Event "Titled Tue 10th Jun Late"]
[Site "chess.com INT"]
[Date "2025.06.10"]
[Round "9"]
[White "Vifleemskaia, Svetlana"]
[Black "Papacek, Stepan"]
[Result "1-0"]
[WhiteTitle "WFM"]
[BlackTitle "FM"]
[WhiteElo "1942"]
[BlackElo "2225"]
[WhiteFideId "4129490"]
[BlackFideId "301035"]
[EventDate "2025.06.10"]

1. d4 e6 2. c4 d5 3. Nc3 Nf6 4. cxd5 exd5 5. Bg5 c6 6. e3 Be7 7. Bd3 h6 8. Bh4
O-O 9. Qc2 Re8 10. Nge2 Nbd7 11. f3 a5 12. O-O b5 13. a3 Bb7 14. Bf2 b4 15. Na4
Rc8 16. Nc5 Nxc5 17. dxc5 Nd7 18. axb4 axb4 19. e4 Ne5 20. exd5 Nxd3 21. Qxd3
Qxd5 22. Nf4 Qxd3 23. Nxd3 Bf6 24. Nxb4 Bxb2 25. Ra7 1-0